000 00302nam a22001337a 4500
008 181005b xxu||||| |||| 00| 0 eng d
020 _a9780618106486
041 _aeng
080 _a510
100 _a37
101 _aMAT
245 _aAlgebra 1 Concepts And Skills
_cLittell.M
942 _2udc
_cBK
999 _c48897
_d48897